000 00651nam a22002177a 4500
005 20250808141050.0
008 250808b |||||||| |||| 00| 0 eng d
020 _a978-0-19-969796-0(hbk)
037 _cREF
040 _aCRL
_cCRL
041 _2eng
_aeng
084 _aP:4g Q7
_qCRL
245 _aOxford handbook of pragmatics
260 _aOxford, UK:
_bOxford University Press,
_c2017.
300 _axxv,711p.
365 _b6495.00
_cINR
650 _2LINGUISTICS
700 _aHuang, Yan
_eEditor
942 _2CC
_cREF
_hP:4g Q7
_n0
999 _c1434627
_d1434627